000
00280nam a2200109Ia 4500
008
200302s9999 xx 000 0 und d
100
_a
Dennis L. Foster
245
_a
An Interoduction to Hospitality
260
_b
Tata Mcgraw-Hill Publishing Co.
260
_c
1993
300
_a
251 P.,
999
_c
1071
_d
1071